000
00275nam a22001217a 4500
005
20170620153044.0
008
170620b xxu||||| |||| 00| 0 eng d
041
_a
eng
245
_a
CIVIL ENGINEERING GATE - 2016
260
_b
ENGINEERS ACADEMY
300
_a
492
942
_c
BK
999
_c
5475
_d
5473